Schema legis ecclesiae fundamentalis: textus emendatus cum relatione de ipso schemate deque emendationibus receptis
Tallennettuna:
| Yhteisötekijä: | |
|---|---|
| Aineistotyyppi: | Kirja |
| Kieli: | latina |
| Julkaistu: |
Ciudad del Vaticano
Typis Polyglottis Vaticanis
1971
|
| Sarja: | Reservatum
|
| Aiheet: | |
| Tagit: |
Lisää tagi
Ei tageja, Lisää ensimmäinen tagi!
|
MARC
| LEADER | 00000nam a2200000 a 4500 | ||
|---|---|---|---|
| 001 | UCL3876 | ||
| 003 | CL-VaPUC | ||
| 008 | 031219e19710000VC |||||||||||||||||lat|d | ||
| 082 | 0 | 4 | |a 262.9 |b PON |2 21 |
| 110 | 2 | |a Pontificia Commissio Codici Iuris Canonici Recognoscendo |e author |9 481322 | |
| 245 | 1 | 0 | |a Schema legis ecclesiae fundamentalis: textus emendatus cum relatione de ipso schemate deque emendationibus receptis |
| 300 | |a 159 p | ||
| 942 | |c BK | ||
| 945 | |d 20031219 00:00:00 |a rbrito | ||
| 260 | |a Ciudad del Vaticano |b Typis Polyglottis Vaticanis |c 1971 | ||
| 650 | 7 | |a DERECHO CANONICO |2 CL-VaPUC |9 481323 | |
| 583 | |a last modification |c 20031219 00:00:00 |k Rodrigo Vera | ||
| 490 | 0 | |a Reservatum | |
| 999 | |c 306871 |d 306869 | ||
| 952 | |0 0 |1 0 |4 0 |6 262_900000000000000_PON_1971 |7 0 |8 DER_HDC |9 372282 |a BIBDER |b BIBDER |d 2019-11-21 |i 3964086 |o 262.9 PON 1971 |p 3964086 |r 2023-01-25 |w 2019-11-21 |x Ubicación 4to Piso |y BK |z Estos recursos deben solicitarse con anticipación |k DER | ||